000 00482cam a2200145 i 4500
020 _a9781849042307 (hbk.)
082 0 4 _a954.9045
_bBAJ
_cn-02, p-100
100 1 _aBajwa, Farooq Naseem.
_951810
245 1 0 _aFrom Kutch to Tashkent :
_bthe Indo-Pakistan war of 1965
_cFarooq Bajwa.
260 _aLahore,
_bILQA Publication,
_c2014.
300 _a415 pages ;
_c23 cm
526 _a0
_b0
_c0
_d954_904500000000000_BAJ
650 0 _aIndia-Pakistan Conflict, 1965.
_910110
942 _2ddc
_cBK
999 _c554358
_d554358